00594nam a22001937a 450000500170000001000310001702000260004803500130007403500170008703500130010403700210011703700130013808200120015110000260016324500820018926000350027127000600030630000340036620170502153532.0 aBAC-EN21 ENG-111967 a9780143419723c299.00 aEN-95499 aB-491401-432 aB-666137 bPragati/Venadpl bDBAD/PUB a616.462 aTalwalkar, Pradeep G. aLiving easy with diabetes :bthe ultimate handbook /cby Pradeep G. Talwalkar aNew DelhibPenguin Booksc2013 a11 Community Centre, Panchsheel parkbNew Delhie110017 aviii,263p. :c21cm(pbk)bill.